[Event "Copenhagen Chess Challenge 2018"]
[Site "Ballerup"]
[Date "2018.04.25"]
[Round "1"]
[White "Laustsen, Lars"]
[Black "Tenold, Andreas"]
[Result "1-0"]
[WhiteElo "2205"]
[BlackElo "1755"]
[EventDate "2018.04.25"]
[EventRounds "9"]
[EventCountry "Danmark"]
[WhiteFideId "1407554"]
[BlackFideId "1525840"]

1. d4 d5 2. c4 e6 3. Nf3 Nf6 4. g3 Bb4+ 5. Bd2 Be7 6. Bg2 c6 7. Qc2 O-O 8. O-O Ne4 9. Bc1 Nd7 10. Nbd2 f5 11. Ne5 Ndf6 12. Ndf3 Bd6 13. Nd3 Qe7 14. Bf4 Bxf4 15. Nxf4 Nd6 16. Ne5 Nf7 17. Nfd3 Nd7 18. b4 Nfxe5 19. dxe5 a5 20. a3 b6 21. cxd5 cxd5 22. Qc6 Ba6 23. Nf4 Nxe5 24. Qxe6+ Qxe6 25. Nxe6 Rf6 26. Nc7 Ra7 27. Nxd5 Rd6 28. Rfd1 Kf7 29. Nc3 Rxd1+ 30. Rxd1 Rc7 31. b5 Bb7 32. Bxb7 Rxb7 33. Rd5 Ke6 34. Rd8 Rd7 35. Re8+ Kd6 36. Na4 Rb7 37. Rc8 Kd7 38. Rg8 Kd6 39. Rc8 Kd7 40. Rc3 Kd6 41. f4 Nd7 42. Rc6+ Ke7 43. Kf2 g6 44. Kf3 Rb8 45. h3 Rb7 46. g4 fxg4+ 47. hxg4 Rb8 48. g5 Rf8 49. Kg3 Rf5 50. Nc3 Rc5 51. Rxc5 Nxc5 52. Nd5+ Kd6 53. Nxb6 Ne4+ 54. Kf3 Nc3 55. Nc4+ Kc5 56. b6 Kc6 57. e4 a4 58. Ke3 Nb5 59. f5 gxf5 60. exf5  1-0

[Event "Copenhagen Chess Challenge 2018"]
[Site "Ballerup"]
[Date "2018.04.25"]
[Round "1"]
[White "Gjestemoen VonHirsch, Andre"]
[Black "Brondt, Nicolai Kvist"]
[Result "1/2-1/2"]
[WhiteElo "1691"]
[BlackElo "2179"]
[EventDate "2018.04.25"]
[EventRounds "9"]
[EventCountry "Danmark"]
[WhiteFideId "1539531"]
[BlackFideId "1413848"]

1. e4 c6 2. d4 d5 3. exd5 cxd5 4. Bf4 Nc6 5. c3 Nf6 6. Bd3 Bg4 7. Qb3 Qc8 8. Nd2 e6 9. Ngf3 Be7 10. O-O O-O 11. Ne5 Bh5 12. Rae1 Nxe5 13. Bxe5 Nd7 14. Bf4 Bg6 15. Bxg6 hxg6 16. Qd1 b5 17. Re3 b4 18. cxb4 Bxb4 19. a3 Be7 20. h4 Nf6 21. Be5 Qb7 22. Rb3 Qc6 23. Rh3 Rac8 24. h5 Qc2 25. hxg6 fxg6 26. Rb3 Nd7 27. Nf3 Nxe5 28. Nxe5 Rxf2 29. Qxc2 Rxf1+ 30. Kxf1 Rxc2 31. Rb7 Bd6 32. Nxg6 Rd2 33. Ne7+ Bxe7 34. Rxe7 Rxb2 35. Rxe6  1/2-1/2

[Event "Copenhagen Chess Challenge 2018"]
[Site "Ballerup"]
[Date "2018.04.25"]
[Round "1"]
[White "Shamima, Akter"]
[Black "Sundin, Sven-Ingvar"]
[Result "1-0"]
[WhiteElo "2176"]
[BlackElo "1663"]
[EventDate "2018.04.25"]
[EventRounds "9"]
[EventCountry "Danmark"]
[WhiteFideId "10202587"]
[BlackFideId "1724517"]

1. d4 d5 2. c4 c6 3. Nc3 Nf6 4. Nf3 e6 5. cxd5 cxd5 6. Bg5 Bd6 7. e3 a6 8. Qc2 Nbd7 9. Bd3 h6 10. Bh4 b5 11. Bxf6 Nxf6 12. Nxb5 axb5 13. Qc6+ Bd7 14. Qxd6 Qe7 15. Qxe7+ Kxe7 16. Ke2 Rhc8 17. Ne5 Be8 18. a3 Ne4 19. Rhc1 f6 20. Nf3 Nd6 21. Rxc8 Rxc8 22. Nd2 e5 23. f3 Bd7 24. h3 Be8 25. Kd1 Nc4 26. Bxc4 dxc4 27. dxe5 fxe5 28. Ne4 Ke6 29. Ke2 Rd8 30. Nc3 Rb8 31. e4 b4 32. axb4 Rxb4 33. Ra6+ Kf7 34. Ra2 Rb8 35. Kd2 Rd8+ 36. Kc2 Rc8 37. Ra7+ Kf6 38. Nd5+  1-0

[Event "Copenhagen Chess Challenge 2018"]
[Site "Ballerup"]
[Date "2018.04.25"]
[Round "1"]
[White "Jorgensen, Olav Erstad"]
[Black "Jacobsen, Mikkel Manosri"]
[Result "0-1"]
[WhiteElo "1636"]
[BlackElo "2172"]
[EventDate "2018.04.25"]
[EventRounds "9"]
[EventCountry "Danmark"]
[WhiteFideId "1457063"]
[BlackFideId "1444514"]

1. d4 Nf6 2. Bf4 c5 3. d5 g6 4. Nc3 Bg7 5. e4 a6 6. a4 d6 7. Be2 Qb6 8. Qd2 Nh5 9. Bxh5 Qxb2 10. Rb1 Qxc3 11. Bf3 Nd7 12. Ne2 Qxd2+ 13. Kxd2 Ne5 14. Bxe5 Bxe5 15. Nc1 Bd4 16. Nd3 c4 17. c3 Ba7 18. Nb2 b5 19. Ke2 O-O 20. axb5 axb5 21. Ra1 f5 22. e5 dxe5 23. Ra5 e4 24. Rha1 exf3+ 25. Kxf3 Bb7 26. Rxb5 Rfb8 27. Nxc4 e6 28. Ne5 Bxd5+ 29. Rxd5 exd5 30. Nc6 Bc5 31. Nxb8 Rxa1  0-1

[Event "Copenhagen Chess Challenge 2018"]
[Site "Ballerup"]
[Date "2018.04.25"]
[Round "1"]
[White "Jorgensen, Dennis"]
[Black "Nielsen, Thomas"]
[Result "1-0"]
[WhiteElo "2164"]
[BlackElo "1585"]
[EventDate "2018.04.25"]
[EventRounds "9"]
[EventCountry "Danmark"]
[WhiteFideId "1408380"]
[BlackFideId "1431676"]

1. Nf3 Nf6 2. d4 d5 3. c4 c6 4. cxd5 cxd5 5. Nc3 e6 6. Bf4 Nc6 7. e3 Be7 8. Bd3 Nh5 9. Be5 f6 10. Ng5 Nxe5 11. dxe5 g6 12. Nxh7 f5 13. g4 Ng7 14. gxf5 exf5 15. Bb5+ Bd7 16. Nf6+ Bxf6 17. exf6 Nh5 18. Qxd5 Nxf6 19. Qe6+ Qe7 20. Bxd7+ Nxd7 21. Qxg6+ Kd8 22. O-O-O Rc8 23. Qxf5 Rf8 24. Rxd7+ Qxd7 25. Qxf8+ Kc7 26. Qf4+ Kb6 27. Qd4+  1-0

[Event "Copenhagen Chess Challenge 2018"]
[Site "Ballerup"]
[Date "2018.04.25"]
[Round "1"]
[White "Hentley, Darryl"]
[Black "Pajeken, Jakob Leon"]
[Result "0-1"]
[WhiteElo "1544"]
[BlackElo "2152"]
[EventDate "2018.04.25"]
[EventRounds "9"]
[EventCountry "Danmark"]
[WhiteFideId "16205650"]
[BlackFideId "12942839"]

1. d4 d5 2. c3 Nf6 3. Nf3 g6 4. Bf4 Bg7 5. Nbd2 O-O 6. e3 Nbd7 7. Qc2 Nh5 8. Be2 Nxf4 9. exf4 c5 10. O-O Qc7 11. g3 cxd4 12. Rac1 dxc3 13. bxc3 Nc5 14. Rfe1 Bf5 15. Qd1 Ne6 16. Nb3 Rfd8 17. Nfd4 Nxd4 18. Nxd4 Rac8 19. Qa4 Bd7 20. Qb3 a6 21. h4 e5 22. fxe5 Bxe5 23. Bf3 Bxd4 24. cxd4 Qxc1 25. Rxc1 Rxc1+ 26. Kh2 Bc6 27. g4 Re1 28. Qb4 Re6 29. a4 Kg7 30. a5 Red6 31. Kg3 Bb5 32. Qc5 R8d7 33. g5 Rc6 34. Qa3 Rdc7 35. Qe3 Re6 36. Qf4 Rc3 37. Qb8 Be2 38. Qxb7 Bxf3 39. Qb2 Rd3 40. Qb1 Be4+ 41. Kh2 Rh3+ 42. Kxh3 Bxb1  0-1

[Event "Copenhagen Chess Challenge 2018"]
[Site "Ballerup"]
[Date "2018.04.25"]
[Round "1"]
[White "Vesterli, Michael E"]
[Black "Saravana, Vedant Kumar"]
[Result "1-0"]
[WhiteElo "2149"]
[BlackElo "1447"]
[EventDate "2018.04.25"]
[EventRounds "9"]
[EventCountry "Danmark"]
[WhiteFideId "1417339"]
[BlackFideId "45059730"]

1. d4 d5 2. c4 c6 3. Nf3 Nf6 4. Qc2 e6 5. Bg5 Nbd7 6. e3 Be7 7. Nc3 O-O 8. O-O-O Nb6 9. Ne5 Nxc4 10. Nxc4 dxc4 11. Bxc4 Nd5 12. Bxe7 Qxe7 13. Ne4 Nf6 14. Ng5 h6 15. h4 g6 16. Nf3 Nd5 17. h5 g5 18. Ne5 Qf6 19. Ng4 Qg7 20. e4 Nf6 21. Ne3 Bd7 22. e5 Nd5 23. Ng4 Kh8 24. Bxd5 cxd5 25. Qd3 Bc6 26. Nf6 Rac8 27. Kb1 Rc7 28. Rh3 Rfc8 29. Rg3 a6 30. f4 Ba4 31. b3 Bb5 32. Qd2 b6 33. fxg5 Qf8 34. g6 Kg7 35. Qf4 Rc3 36. Ne8+ Bxe8 37. Qf6+ Kg8 38. gxf7+ Kh7 39. Qg6+ Kh8 40. Qg8+ Qxg8 41. fxg8=Q#  1-0

[Event "Copenhagen Chess Challenge 2018"]
[Site "Ballerup"]
[Date "2018.04.25"]
[Round "1"]
[White "Sorensen, Bernhard W"]
[Black "Moe, Mogens"]
[Result "0-1"]
[WhiteElo "1762"]
[BlackElo "2233"]
[EventDate "2018.04.25"]
[EventRounds "9"]
[EventCountry "Danmark"]
[WhiteFideId "1442074"]
[BlackFideId "1400550"]

1. d4 Nf6 2. Bf4 g6 3. e3 Bg7 4. Be2 O-O 5. c3 c5 6. Nd2 cxd4 7. exd4 Nc6 8. Ngf3 d6 9. O-O Re8 10. Re1 e5 11. dxe5 dxe5 12. Be3 Nd5 13. Bc4 Be6 14. Qe2 Na5 15. Bb5 Bd7 16. Bxd7 Qxd7 17. Ne4 Qc6 18. Bd2 Nc4 19. b3 Nxd2 20. Qxd2 f5 21. c4 Nf4 22. Nc3 Rad8 23. Qc2 e4 24. Nh4 Qf6 25. g3 Nh3+ 26. Kg2 Qxc3 27. Qxc3 Bxc3 28. Kxh3 Bxa1 29. Rxa1 Rd2 30. f4 Red8 31. Ng2 Re2 32. a3 Rdd2 33. Rg1 e3 34. b4 Rxg2 35. Rxg2 e2  0-1

[Event "Copenhagen Chess Challenge 2018"]
[Site "Ballerup"]
[Date "2018.04.25"]
[Round "1"]
[White "Bronnum, Jan"]
[Black "Sonis, Francesco"]
[Result "0-1"]
[WhiteElo "2088"]
[BlackElo "2448"]
[EventDate "2018.04.25"]
[EventRounds "9"]
[EventCountry "Danmark"]
[WhiteFideId "1400908"]
[BlackFideId "895733"]

1. d4 d5 2. Bf4 Nf6 3. e3 c5 4. c3 e6 5. Nd2 Bd6 6. Bg3 Qc7 7. Ngf3 Nbd7 8. Bd3 O-O 9. O-O b6 10. e4 cxd4 11. Nxd4 Bxg3 12. hxg3 Nc5 13. Qe2 dxe4 14. Nxe4 Nfxe4 15. Bxe4 Ba6 16. Qe3 Nxe4 17. Qxe4 Bxf1 18. Rxf1 Rad8 19. Re1 Rd5 20. Qe2 Rfd8 21. Kh2 Qd6 22. f4 g6 23. Qf2 b5 24. a3 a5 25. Nf3 Qc5 26. Qe2 Rh5+ 27. Nh4 Qc4 28. Qf2 b4 29. axb4 axb4 30. cxb4 Qxb4 31. Re5 Rd2 32. Qf1 Rxe5 33. fxe5 Qxb2 34. Qf6 Rd1 35. Nf3 Qc1 36. g4 h6 37. Kg3 Rd7 38. Kh2 Qc4 39. Kh3 Kh7 40. Kg3 g5 41. Nxg5+ hxg5 42. Qxg5 Qd3+ 43. Kh2 Qd2  0-1

[Event "Copenhagen Chess Challenge 2018"]
[Site "Ballerup"]
[Date "2018.04.26"]
[Round "2"]
[White "Andersen, Kim Nyvang"]
[Black "Sylvan, Jacob"]
[Result "0-1"]
[WhiteElo "1962"]
[BlackElo "2341"]
[EventDate "2018.04.25"]
[EventRounds "9"]
[EventCountry "Danmark"]
[WhiteFideId "1415743"]
[BlackFideId "1402137"]

1. d4 d5 2. c4 e6 3. Nc3 Nf6 4. Bg5 Nbd7 5. cxd5 exd5 6. e3 Be7 7. Bd3 c6 8. Nge2 h6 9. Bh4 Nh5 10. Bxe7 Qxe7 11. a3 Nb6 12. b4 O-O 13. Qb3 Be6 14. O-O Nc4 15. Rfd1 b5 16. Ra2 Qg5 17. Ng3 Nf6 18. Qc2 Ng4 19. Bxc4 dxc4 20. Nce4 Qe7 21. Nc5 a5 22. Rda1 Nf6 23. bxa5 Rxa5 24. Qc3 Rfa8 25. e4 Nd7 26. Nxe6 fxe6 27. e5 Nb6 28. Ne4 b4 29. Qc1 b3 30. Re2 Rxa3 31. Rxa3 Qxa3  0-1

[Event "Copenhagen Chess Challenge 2018"]
[Site "Ballerup"]
[Date "2018.04.26"]
[Round "2"]
[White "Kristensen, Kaare Hove"]
[Black "Vesterli, Michael E"]
[Result "1-0"]
[WhiteElo "2313"]
[BlackElo "2149"]
[EventDate "2018.04.25"]
[EventRounds "9"]
[EventCountry "Danmark"]
[WhiteFideId "1400940"]
[BlackFideId "1417339"]

1. d4 Nf6 2. c4 g6 3. Nc3 Bg7 4. e4 d6 5. Nf3 O-O 6. Be2 e5 7. O-O Nc6 8. dxe5 Nxe5 9. Bf4 Nfd7 10. Nd4 Nc5 11. Be3 Bd7 12. Qc2 Ne6 13. Rad1 f5 14. exf5 Nxd4 15. Bxd4 Bxf5 16. Qb3 Be6 17. f4 Nd7 18. Qxb7 Bxd4+ 19. Rxd4 Rb8 20. Qe4 Nc5 21. Qc2 Bf5 22. Qd2 Qf6 23. Rd1 Bd7 24. Nd5 Qg7 25. Nxc7 Ba4 26. Nb5 Bxd1 27. Bxd1 a6 28. b4 axb5 29. bxc5 dxc5 30. Rd7 Qf6 31. cxb5 Rxb5 32. Bb3+ Kh8 33. g3 c4 34. Bxc4 Rb1+ 35. Bf1 Re8 36. Qd5 Qb6+ 37. Kg2 Qb2+ 38. Kh3 Qf6 39. Bc4 Rb2 40. Rf7 Qc3 41. Qd7  1-0

[Event "Copenhagen Chess Challenge 2018"]
[Site "Ballerup"]
[Date "2018.04.26"]
[Round "2"]
[White "Boe Olsen, Filip"]
[Black "Steenstrup, Svend"]
[Result "1-0"]
[WhiteElo "2309"]
[BlackElo "1976"]
[EventDate "2018.04.25"]
[EventRounds "9"]
[EventCountry "Danmark"]
[WhiteFideId "1440640"]
[BlackFideId "1409182"]

1. d4 Nf6 2. c4 g6 3. Nc3 d5 4. Bf4 Bg7 5. e3 Nh5 6. Bg5 c5 7. dxc5 Qa5 8. Rc1 O-O 9. cxd5 Qxc5 10. Qd2 Na6 11. Nb5 Qb6 12. Bxe7 Re8 13. Ba3 Nf6 14. Nc3 Nc5 15. Nf3 Nce4 16. Nxe4 Nxe4 17. Qb4 Qd8 18. Bb5 Bf8 19. Qa4 Bxa3 20. Qxa3 Bd7 21. Bxd7 Qxd7 22. Qb3 Red8 23. Rd1 Nc5 24. Qb4 Na6 25. Qb3 Nc5 26. Qc4 Na4 27. Qe2 Qf5 28. O-O Qf6 29. Rd4 Nb6 30. e4 Qe7 31. Rfd1 Rac8 32. e5 Rc5 33. Qe4 f5 34. Qd3 Rcxd5 35. Qb3 Qe6 36. h3 h6 37. a4 Kf7 38. a5 Nc8 39. Qxb7+ Ne7 40. Rxd5 Rxd5 41. Rxd5 Qxd5 42. Qxa7 Qd1+ 43. Kh2 Qc1 44. Qd4  1-0

[Event "Copenhagen Chess Challenge 2018"]
[Site "Ballerup"]
[Date "2018.04.26"]
[Round "2"]
[White "Danielsen, Henrik"]
[Black "Gjestemoen VonHirsch, Andre"]
[Result "1-0"]
[WhiteElo "2500"]
[BlackElo "1691"]
[EventDate "2018.04.25"]
[EventRounds "9"]
[EventCountry "Danmark"]
[WhiteFideId "1400185"]
[BlackFideId "1539531"]

1. e4 c5 2. d3 Nc6 3. f4 d6 4. Nf3 g6 5. Be2 Bg7 6. O-O e5 7. Nc3 Nge7 8. fxe5 dxe5 9. Be3 Nd4 10. Qd2 O-O 11. Bh6 Nec6 12. Rf2 f6 13. Bxg7 Kxg7 14. Nd1 Be6 15. Ne3 Qd7 16. Nh4 Rad8 17. Bf1 Rf7 18. c3 Nb5 19. Qc2 Ne7 20. Be2 f5 21. Nf3 Nc6 22. exf5 Bxf5 23. Ng5 Rf6 24. Raf1 Rdf8 25. g4 Nbd4 26. cxd4 Nxd4 27. Qxc5 Nxe2+ 28. Rxe2 Qxd3 29. Ref2 Bxg4 30. Qe7+ R8f7 31. Qxf7+ Rxf7 32. Rxf7+ Kg8 33. Rf8+  1-0

[Event "Copenhagen Chess Challenge 2018"]
[Site "Ballerup"]
[Date "2018.04.26"]
[Round "2"]
[White "Vangsgaard, Freja"]
[Black "Percivaldi, Martin"]
[Result "0-1"]
[WhiteElo "1970"]
[BlackElo "2398"]
[EventDate "2018.04.25"]
[EventRounds "9"]
[EventCountry "Danmark"]
[WhiteFideId "1436589"]
[BlackFideId "1508148"]

1. d4 Nf6 2. c4 e6 3. Nc3 Bb4 4. e3 O-O 5. Nge2 d5 6. a3 Be7 7. cxd5 exd5 8. Nf4 c6 9. Bd3 a5 10. O-O Na6 11. Re1 Nc7 12. e4 dxe4 13. Nxe4 Ncd5 14. Nxd5 Nxd5 15. Qh5 g6 16. Qh6 Qc7 17. Ng3 Bf6 18. Nh5 Be6 19. Bf4 Qd7 20. Be5 Bxe5 21. dxe5 f5 22. exf6 Rf7 23. Bxg6 hxg6 24. Qxg6+ Kh8 25. Re5 Rh7 26. Qe4 Bf7 27. Qf3 Rg8 28. Rae1 Qg4 29. Qxg4 Rxg4 30. f3 Rg8 31. Ng3 Nxf6 32. Rf5 Nd5 33. Ne4 Bg6 34. Rg5 Re7 35. Kf2 Nf4 36. Rg4 Nd3+  0-1

[Event "Copenhagen Chess Challenge 2018"]
[Site "Ballerup"]
[Date "2018.04.26"]
[Round "2"]
[White "Adinolfi, Vincenzo"]
[Black "Matthiesen, Martin"]
[Result "1/2-1/2"]
[WhiteElo "2053"]
[BlackElo "2330"]
[EventDate "2018.04.25"]
[EventRounds "9"]
[EventCountry "Danmark"]
[WhiteFideId "805556"]
[BlackFideId "1404067"]

1. d4 Nf6 2. c4 g6 3. Nc3 Bg7 4. e4 d6 5. h3 O-O 6. Bg5 c5 7. d5 e6 8. Bd3 exd5 9. Nxd5 h6 10. Bxf6 Bxf6 11. Nxf6+ Qxf6 12. Qd2 Nc6 13. Ne2 Ne5 14. Nc3 Be6 15. b3 Qg5 16. Qxg5 hxg5 17. O-O-O a6 18. Be2 Rfd8 19. h4 gxh4 20. Rxh4 Kg7 21. Rdh1 Rh8 22. Rxh8 Rxh8 23. Rxh8 Kxh8 24. f4 Nc6 25. Kd2 Kg7 26. Ke3 Nd4 27. Bd3 Kf6 28. Ne2 Nxe2 29. Bxe2 Bd7 30. a3 a5 31. a4 g5 32. g3 Kg6 33. Bf3 b6 34. f5+ Kf6 35. g4 Ke5 36. Be2 f6 37. Bd3 Bc6 38. Bc2 Bb7  1/2-1/2

[Event "Copenhagen Chess Challenge 2018"]
[Site "Ballerup"]
[Date "2018.04.26"]
[Round "2"]
[White "Brondt, Nicolai Kvist"]
[Black "Andersen, Lars Ren"]
[Result "1/2-1/2"]
[WhiteElo "2179"]
[BlackElo "2116"]
[EventDate "2018.04.25"]
[EventRounds "9"]
[EventCountry "Danmark"]
[WhiteFideId "1413848"]
[BlackFideId "1404792"]

1. d4 Nf6 2. Nf3 e6 3. c4 c5 4. g3 b6 5. Bg2 Bb7 6. O-O cxd4 7. Qxd4 Bc5 8. Qd2 O-O 9. Nc3 a6 10. b3 Be7 11. Bb2 d6 12. Rfd1 Nbd7 13. Qe1 Qc7 14. e4 Rac8 15. Nd4 Rfe8 16. Rac1 Bf8 17. f3 h6 18. Qf2 Qb8 19. Rc2 g6 20. Bc1 e5 21. Nde2 b5 22. Nd5 Qa8 23. Bh3 Bxd5 24. Bxd7 Bxe4 25. fxe4 Nxd7 26. Rf1 f6 27. Nc3 bxc4 28. Nd5 Bg7 29. bxc4 Qc6 30. Be3 Qa4 31. Qe2 Kh7 32. g4 Rc6 33. h4 Rec8 34. Rfc1 Re8 35. h5 g5 36. Qf2 Kh8 37. Qf5 Rcc8 38. Rb2 Rb8 39. Rxb8 Rxb8  1/2-1/2

[Event "Copenhagen Chess Challenge 2018"]
[Site "Ballerup"]
[Date "2018.04.26"]
[Round "2"]
[White "Berg, Klaus"]
[Black "Hansen, Rune"]
[Result "1/2-1/2"]
[WhiteElo "2335"]
[BlackElo "1967"]
[EventDate "2018.04.25"]
[EventRounds "9"]
[EventCountry "Danmark"]
[WhiteFideId "1400053"]
[BlackFideId "1500970"]

1. d4 Nf6 2. Bg5 Ne4 3. Bf4 d5 4. e3 c5 5. Bd3 e6 6. Bxe4 dxe4 7. Nc3 cxd4 8. Qxd4 Qxd4 9. exd4 Bb4 10. Nge2 O-O 11. O-O-O f5 12. a3 Ba5 13. Rhf1 Bd7 14. f3 exf3 15. Rxf3 Bc6 16. Re3 Re8 17. d5 exd5 18. Rxe8+ Bxe8 19. Rxd5 Nc6 20. Rxf5 a6 21. Nd5 Bg6 22. Ne7+ Nxe7 23. Rxa5 Nc6 24. Rd5 Be4 25. Rd7 Bxg2 26. Rxb7 Re8 27. Ng3 Nd4 28. Rb8 Rxb8 29. Bxb8 Kf7 30. b4 g5 31. c3 Nc6 32. Bc7 Ke6 33. Ne2 Kd5 34. Kd2 Kc4 35. a4 h6 36. Ng3 Ne7 37. Be5 Bc6 38. a5 Ng6 39. Bg7 Nh4 40. Bxh6 Nf3+ 41. Kc2 g4 42. Nf1 Ba4+ 43. Kb2 Kd3 44. Bf4 Bb5 45. Ne3 Nxh2 46. Kb3 Nf3 47. Nxg4 Bc4+ 48. Kb2 Ke4 49. Bh6 Ne5 50. Nf6+ Kd3 51. Bf4 Nf3 52. Nd7 Ke4 53. Bg3 Nd2 54. Kc2 Nf1 55. Bf2 Bd3+ 56. Kb2 Bb5 57. Nc5+ Kd5 58. Kc2 Kc4 59. Nb7 Kd5 60. Bg1 Ng3 61. Bh2 Ne4 62. Bg1 Kc4 63. Nc5  1/2-1/2

[Event "Copenhagen Chess Challenge 2018"]
[Site "Ballerup"]
[Date "2018.04.26"]
[Round "2"]
[White "Vangsgaard, Bjarke"]
[Black "Rostgaard, Tobias Valentin"]
[Result "1-0"]
[WhiteElo "1940"]
[BlackElo "2311"]
[EventDate "2018.04.25"]
[EventRounds "9"]
[EventCountry "Danmark"]
[WhiteFideId "1436570"]
[BlackFideId "1408801"]

1. d4 Nf6 2. Bf4 c5 3. e3 Qb6 4. Na3 cxd4 5. exd4 Nc6 6. Nf3 Nd5 7. Nc4 Qd8 8. Bg3 d6 9. c3 g6 10. Qb3 Nf6 11. Ng5 e6 12. Bd3 Nh5 13. Nf3 Be7 14. O-O-O Nxg3 15. hxg3 Kf8 16. Ne3 d5 17. Ng4 Kg7 18. Rh2 b5 19. Nge5 Na5 20. Qxb5 f6 21. Rdh1 fxe5 22. Nxe5 Nc4 23. Nxg6 Bd7 24. Qa6 h6 25. Nxh8 Qxh8 26. f4 Nb6 27. Bc2 Nc4 28. Qb7 Nb6 29. b3 Qc8 30. Qxc8 Rxc8 31. Rxh6 Rg8 32. Rg6+ Kf8 33. Rxg8+ Kxg8 34. Rh7 Bf6 35. g4 Bg7 36. g5 Nc8 37. g4 Nd6 38. Rh1 Ne4 39. Bxe4 dxe4 40. Kd2 e5 41. fxe5 Bxg4 42. Ke3 Bf3 43. Rg1 Bf8 44. c4 Kf7 45. g6+ Kg8 46. c5 Bh6+ 47. Kf2 Bd2 48. Rg3 Bc3 49. Ke3 Kg7 50. c6 Ba5 51. d5 Bb6+ 52. Kf4 Bh1 53. Rh3 Bg2 54. Rh2 Bf3 55. d6 Bg1 56. Rc2 Bd1 57. Rc1 Bh2+ 58. Kxe4 Bh5 59. d7 Bxg6+ 60. Kd5  1-0

[Event "Copenhagen Chess Challenge 2018"]
[Site "Ballerup"]
[Date "2018.04.26"]
[Round "2"]
[White "Liu, Casper Yukun"]
[Black "Thorsbro, Peter"]
[Result "1-0"]
[WhiteElo "1898"]
[BlackElo "2144"]
[EventDate "2018.04.25"]
[EventRounds "9"]
[EventCountry "Danmark"]
[WhiteFideId "1454153"]
[BlackFideId "1406671"]

1. d4 d5 2. Bf4 Nf6 3. e3 e6 4. Nf3 Be7 5. Bd3 O-O 6. Nbd2 b6 7. Ne5 Bb7 8. Qf3 c5 9. c3 Nbd7 10. Rd1 a5 11. g4 Nxe5 12. dxe5 Nd7 13. Qh3 g6 14. Rg1 Qc7 15. Nf3 Rfd8 16. Rg3 Nf8 17. Qh6 d4 18. Ng5 Bxg5 19. Bxg5 Qxe5 20. Qh4 Qc7 21. Bf6 Nd7 22. Bxd8 Rxd8 23. Qe7 Qc8 24. Bb5 Ne5 25. Qf6 Qc7 26. h4 Bc6 27. Bxc6 Nxc6 28. h5 d3 29. e4 c4 30. b3 b5 31. a4 cxb3 32. Rgxd3 Rxd3 33. Rxd3 b2 34. Rd1 Qh2 35. Ke2 Qg2 36. h6 Qxe4+ 37. Kd2 Qd5+ 38. Ke3 Qc5+ 39. Kf3 Qf8 40. axb5 Ne7 41. Rd8  1-0

[Event "Copenhagen Chess Challenge 2018"]
[Site "Ballerup"]
[Date "2018.04.26"]
[Round "2"]
[White "Eriksson, Christian Altenburg"]
[Black "Kvaloy, Aksel Bu"]
[Result "1/2-1/2"]
[WhiteElo "2136"]
[BlackElo "1958"]
[EventDate "2018.04.25"]
[EventRounds "9"]
[EventCountry "Danmark"]
[WhiteFideId "1412159"]
[BlackFideId "1528815"]

1. e4 c5 2. c3 Nf6 3. e5 Nd5 4. Nf3 Nc6 5. Bc4 Nb6 6. Bb3 d6 7. exd6 Qxd6 8. Na3 a6 9. O-O g6 10. d4 cxd4 11. cxd4 Bg7 12. Be3 O-O 13. Qd2 Bg4 14. d5 Bxf3 15. gxf3 Ne5 16. Kg2 Rad8 17. Rfd1 Qf6 18. Qe2 g5 19. Bxb6 Qxb6 20. Nc4 Nxc4 21. Bxc4 Qd6 22. Re1 Rc8 23. Bb3 Rc7 24. Rad1 Rfc8 25. Rd2 Qg6 26. Qe4 Qxe4 27. Rxe4 Bf6 28. Rde2 Kg7 29. f4 h6 30. fxg5 hxg5 31. f4 gxf4 32. Rxf4 Rg8 33. Kf3 Rc1 34. Ke4 Rg1 35. Ref2 Rd8 36. R4f3 Rd7 37. a4 a5 38. Bc4 Rg4+ 39. Rf4 Rxf4+ 40. Kxf4 Rc7 41. b3 b6 42. Rg2+ Kh7 43. Kf5 Rd7 44. Rg4 Rd6 45. Rg3 Kh8 46. Ke4 Kh7 47. Bb5 Rd8 48. Bc4 Rd6 49. Kf5 Kh8 50. Rg4 Kh7 51. Ke4 Kh8 52. Bb5 Rd8 53. Bc6 Kh7 54. Kf5 Kh8 55. b4 Bc3 56. bxa5 bxa5 57. Rg3 Bb4 58. Ke4 Kh7 59. Bb5 Kh8 60. Rg4 Kh7 61. Bd3 Kh8 62. Rh4+ Kg7 63. Rg4+ Kf6  1/2-1/2

[Event "Copenhagen Chess Challenge 2018"]
[Site "Ballerup"]
[Date "2018.04.26"]
[Round "2"]
[White "Rishovd, Svein"]
[Black "Vangsgaard, Claus"]
[Result "1-0"]
[WhiteElo "2110"]
[BlackElo "1938"]
[EventDate "2018.04.25"]
[EventRounds "9"]
[EventCountry "Danmark"]
[WhiteFideId "1513060"]
[BlackFideId "1417320"]

1. d4 c5 2. d5 Nf6 3. Nf3 d6 4. c4 b5 5. cxb5 a6 6. bxa6 Bxa6 7. Nc3 g6 8. e4 Bxf1 9. Kxf1 Nbd7 10. g3 Bg7 11. Kg2 O-O 12. a4 Qa5 13. Bd2 Rfb8 14. Nb5 Qb6 15. Qe2 Ng4 16. Bc3 Nge5 17. Nd2 Nf6 18. f4 Ned7 19. Nc4 Qd8 20. Rhd1 Ne8 21. e5 Ra6 22. b3 dxe5 23. fxe5 Rba8 24. e6 Nf8 25. exf7+ Kxf7 26. Ne5+ Bxe5 27. Qxe5 Rf6 28. Qe3 Rf5 29. g4 Rxd5 30. Qf3+  1-0

[Event "Copenhagen Chess Challenge 2018"]
[Site "Ballerup"]
[Date "2018.04.26"]
[Round "2"]
[White "Petersen, Flemming Petri"]
[Black "Andersen, Daniel"]
[Result "1/2-1/2"]
[WhiteElo "2078"]
[BlackElo "1810"]
[EventDate "2018.04.25"]
[EventRounds "9"]
[EventCountry "Danmark"]
[WhiteFideId "1402617"]
[BlackFideId "1402714"]

1. e4 e6 2. d4 d5 3. e5 c5 4. c3 Nc6 5. Nf3 Bd7 6. Be2 Nge7 7. Na3 Nf5 8. Nc2 cxd4 9. cxd4 Be7 10. O-O O-O 11. g4 Nh4 12. Nxh4 Bxh4 13. f4 f6 14. exf6 Bxf6 15. g5 Be7 16. Rf3 Bd6 17. Bd3 g6 18. Be3 Qc7 19. Qd2 e5 20. dxe5 Bxe5 21. Bxg6 hxg6 22. Qxd5+ Kg7 23. fxe5 Rxf3 24. Qxf3 Qxe5 25. Rd1 Bf5 26. Nd4 Be4 27. Nxc6 Bxc6 28. Qf4 Qxf4 29. Bxf4 Re8 30. Kf2 Re7 31. Be3 a6 32. Bd4+ Kf7 33. Kg3 Be4 34. Bf6 Rc7 35. h4 Bf5 36. Re1 Rd7 37. Kf4 Be6 38. a3 Rd2 39. Rc1 Rd7 40. Rc2 Bf5 41. Rh2 Bd3 42. h5 gxh5 43. Rxh5 Bg6 44. Rh2 Rd5 45. Re2 Rd7 46. Bc3 Rc7 47. Rf2 Ke6 48. Ke3 Rf7 49. Bf6 Rd7 50. Kf4 Rc7 51. Re2+ Kf7 52. Bc3 Rd7 53. Bb4 Bb1 54. Rf2 Ke6 55. Ke3 Rf7 56. Rg2 Bg6 57. a4 Rd7 58. Bc3 Rf7 59. Kd4 Rf5 60. Re2+ Kd7 61. Bd2 Rf7 62. Rh2 Rh7 63. Rh6 Rxh6 64. gxh6 Ke6 65. Kc5 Kf7 66. Kb6 Be4 67. b4 Kg6 68. b5 axb5 69. axb5 Kh7 70. Kc7 Bf3 71. b6 Bc6 72. Kd6 Be4 73. Ke5  1/2-1/2

[Event "Copenhagen Chess Challenge 2018"]
[Site "Ballerup"]
[Date "2018.04.26"]
[Round "2"]
[White "Tenold, Andreas"]
[Black "Dalsberg, Sandra de Blecourt"]
[Result "1/2-1/2"]
[WhiteElo "1755"]
[BlackElo "2075"]
[EventDate "2018.04.25"]
[EventRounds "9"]
[EventCountry "Danmark"]
[WhiteFideId "1525840"]
[BlackFideId "1004948"]

1. d4 d5 2. c4 c6 3. Nc3 Nf6 4. Nf3 dxc4 5. a4 Bf5 6. e3 e6 7. Bxc4 Bb4 8. O-O O-O 9. Qe2 Nbd7 10. Rd1 Qa5 11. Bd2 Bc2 12. Rdc1 Bg6 13. e4 e5 14. d5 Rfe8 15. dxc6 bxc6 16. Na2 Bxd2 17. Nxd2 Qxa4 18. b4 Nb6 19. Bd3 Rad8 20. Rc3 Rd4 21. Bc2 Qb5 22. Bd3 Qa4 23. Bc2 Qb5 24. Bd3 Qa4 25. Bc2  1/2-1/2